[Event "Cairo Al Ain op"]
[Site "Cairo"]
[Date "2023.11.29"]
[Round "5"]
[White "Hassan, Sayed Barakat"]
[Black "Salah Saad Eldin, Ahmed"]
[Result "1-0"]
[WhiteElo "2267"]
[BlackElo "1916"]
[PlyCount "75"]
[EventDate "2023.11.27"]
[EventType "swiss"]
[EventRounds "10"]
[EventCountry "EGY"]
[SourceTitle "CB49_2023"]
[SourceDate "2023.12.06"]
[SourceVersion "1"]
[SourceVersionDate "2023.12.06"]
[SourceQuality "1"]

1. e4 c5 2. Nc3 Nc6 3. f4 e6 4. Nf3 a6 5. d4 cxd4 6. Nxd4 Qc7 7. Be3 d6 8. Bd3 Nf6 9. a4 Bd7 10. Nb3 Na5 11. Qe2 Bc6 12. Nd4 d5 13. e5 Nd7 14. 0-0 g6 15. Rfb1 Nc4 16. Bxc4 dxc4 17. Qxc4 Nb6 18. Qe2 Be7 19. Nxc6 Qxc6 20. Bxb6 Qxb6+ 21. Kh1 0-0-0 22. Ne4 Kb8 23. b4 Qc7 24. c4 a5 25. bxa5 Qxa5 26. Rb5 Qa7 27. Rab1 Rd7 28. c5 Rc8 29. Qc4 Rc6 30. h3 Ka8 31. Rb6 Rdc7 32. Rxc6 Rxc6 33. Rd1 Rc7 34. Qb5 Qa6 35. Qe8+ Ka7 36. Nd6 Bxd6 37. exd6 Rxc5 38. d7 1-0